000 01034nam a2200313 4500
003 EC-UNACH
005 20251014134723.0
006 s||||gr|||| 00| 00
008 150116t9999 mx r gr 000 0 spa d
020 _a970-15-0279-5
040 _aEC-UNACH
_cEC-UNACH
041 _aspa
082 0 4 _223
_a621.151
_bl003288
110 _aAlfaomega
245 _aDispositivos neumáticos
250 _aPrimera edición
264 _aMexico
_bAlfaomega
_c2000
300 _a188
505 _a1- Introducción 2- Producción de aire comprimido 3- Distribución de aire comprimido 4- Elementos de trabajo y mando 5- Mandos 6- Aplicaciones 7- Mantenimiento 8- Prontuario de la neumática
650 _aLas instalaciones neumaticas
650 _aAire a presión - aire comprimido
650 _adistribución del aire comprimido
700 _aW Deppert / k,Stoll
942 _2ddc
_c1
999 _c14003